000 00521ntaaa2200193 4500
003 01
005 20251027201314.0
008 0714s1973 ag 01
040 _aAR-BaBN
_bspa
_cAR-BaBN
_eaacr
_dRIC
082 _a222.0000 Si5
100 _aSimpson, Cuthberth Aikman
_911253
245 _aEarly traditions of Israel
250 _a1 ed. :
_bBasil Blackwell,
_cc1948
300 _a677 p.
500 _a"A critical analysis of the Hexateuch"
650 _aBiblia-A.T.
_95519
650 _aA.T.-Hexateuch
_911254
942 _cBK
999 _c7483
_d7483